| 000 | 00585nam a2200229Ia 4500 | ||
|---|---|---|---|
| 003 | OSt | ||
| 005 | 20221006165604.0 | ||
| 006 | a|||||r|||| 00| 0 | ||
| 007 | ta | ||
| 008 | 221006b |||||||| |||| 00| 0 eng d | ||
| 024 | _a1,269 | ||
| 037 | _cTextual | ||
| 040 |
_aFML _cFML _beng |
||
| 041 |
_2eng _aeng |
||
| 082 | _aN44974, K4 | ||
| 100 |
_aKramrisch Stella Au. _9620550 |
||
| 245 | 0 | _aThe Art of Nepal | |
| 260 |
_aUSA _bAsia Society _c1964 |
||
| 300 |
_a160 _ccm. |
||
| 942 |
_hN44974, K4 _cTEXL _2CC |
||
| 999 |
_c1121357 _d1121357 |
||